[Event "BCF-chT4 0506 (4NCL)"]
[Site "West Bromwich"]
[Date "2005.12.03"]
[Round "3.6"]
[White "Bannon, Senan MW"]
[Black "Lobo, Robert J"]
[Result "1-0"]
[WhiteElo "1284"]
[BlackElo "1565"]
[PlyCount "109"]
[EventDate "2005.11.05"]
[EventType "team"]
[EventRounds "11"]
[EventCountry "ENG"]
[SourceTitle "CBM 109 Extra"]
[Source "ChessBase"]
[SourceDate "2006.01.03"]
[SourceVersion "2"]
[SourceVersionDate "2006.01.03"]
[SourceQuality "1"]
[WhiteTeam "Celtic Tigers"]
[BlackTeam "Pontypridd"]
[WhiteTeamCountry "ENG"]
[BlackTeamCountry "ENG"]

1. e4 e5 2. Nf3 Nf6 3. Nc3 Bb4 4. d3 d5 5. Bd2 Bg4 6. Be2 dxe4 7. Nxe4 Nxe4 8. Bxb4 Bxf3 9. Bxf3 Qd4 10. 0-0 Nxf2 11. Rxf2 Qxb4 12. c3 Qb5 13. Qe2 c6 14. d4 Qa5 15. b4 Qc7 16. Qxe5+ Qxe5 17. dxe5 Nd7 18. Re1 0-0 19. e6 fxe6 20. Rxe6 Rae8 21. Rfe2 Rxe6 22. Rxe6 Rf7 23. Re8+ Nf8 24. b5 Rc7 25. Ra8 h6 26. Rxa7 cxb5 27. Ra8 Rd7 28. Rb8 g6 29. Rxb7 Rxb7 30. Bxb7 Ne6 31. Bd5 Kf7 32. Kf2 Kf6 33. Ke3 Nc7 34. Kd4 Ke7 35. c4 bxc4 36. Bxc4 Na8 37. Kc5 Kd7 38. a4 h5 39. Bf7 Nc7 40. Bxg6 h4 41. g3 hxg3 42. hxg3 Na6+ 43. Kb6 Nb4 44. a5 Nd5+ 45. Kb7 Nb4 46. a6 Nxa6 47. Kxa6 Ke6 48. g4 Kf6 49. Bf5 Kg5 50. Kb5 Kh4 51. Kc6 Kg5 52. Kd6 Kf6 53. Kd5 Kg5 54. Ke4 Kf6 55. Kf4 1-0